Coventry City Squad 2025-2026 - Statistics

General Stats
  • This quiz has been taken 31 times
  • The average score is 22 of 28
Answer Stats
# Position Nation Player % Correct
11 FW United States Haji Wright
100%
13 GK England Ben Wilson
95%
4 DF England Bobby Thomas
95%
19 GK England Carl Rushworth
95%
7 FW Japan Tatsuhiro Sakamoto
95%
9 FW England Ellis Simms
90%
10 MF Jamaica Ephron Mason-Clark
90%
- Coach England Frank Lampard
90%
5 MF England Jack Rudoni
90%
6 MF England Matt Grimes
90%
29 MF Denmark Victor Torp
90%
23 FW Ghana Brandon Thomas-Asante
85%
16 MF Nigeria Frank Onyeka
85%
15 DF England Liam Kitching
85%
14 FW England Romain Esse
85%
21 DF England Jake Bidwell
80%
8 MF England Jamie Allen
80%
3 DF Wales Jay Dasilva
80%
27 DF Netherlands Milan van Ewijk
80%
1 GK Sweden Oliver Dovin
75%
28 MF England Josh Eccles
70%
18 FW South Korea Min-hyeok Yang
70%
22 DF Jamaica Joel Latibeaudiere
65%
26 DF England Luke Woolfenden
60%
33 DF Spain Miguel Ángel Brau
60%
24 FW Suriname Jahnoah Markelo
55%
54 MF Wales Kai Andrews
50%
20 DF England Kaine Kesler-Hayden
45%
No matching quizzes found
Score Distribution
Percent of People with Each Score
Percentile by Number Answered
Your Score History
You have not taken this quiz